Historiavisat: 1990-luku - Statistics

Yleistilastot
  • Tätä visaa on pelattu 147 kertaa
  • Keskiarvotulos 10 / 18
Vastaustilastot
% Oikein
1990 Etelä-Afrikassa _____ vapautettiin vankilasta Nelson Mandela
88%
1994 Virolainen autolautta M/S _____ upposi Estonia
85%
1999 _____ otettiin käyttöön 11:ssa Euroopan maassa euro
85%
1997 _____ kuoli auto-onnettomuudessa Pariisissa Prinsessa Diana
85%
1998 YK:n ihmisoikeuksien julistus täytti _____ vuotta 50
76%
nimeä yksi 1990-luvun pääministeri Harri Holkeri |Esko Aho | Paavo Lipponen
74%
1993 Euroopan valtioista _____ hajosi kahdeksi valtioksi Tšekkoslovakia
64%
1990 Persianlahden sodassa Yhdysvallat vapautti Irakin miehittämän _____ Kuwaitin
58%
1995 Suomi voitti jääkiekossa MM-kultaa numeroin _____ 4-1
56%
1997 J. K. Rowling julkaisi esikoisromaaninsa _____ Harry Potter ja viisasten kivi
50%
1994 Yli 800 000 ihmistä menehtyi _____ kansanmurhassa Ruandan
50%
1993 Uusi hätänumero 112 otettiin käyttöön;vanha numero oli _____ 000
46%
1994 Valko-Venäjän presidentiksi valittiin _____ Aljaksandr Lukašenka
44%
1999 Portugal palautti Kiinalle _____ Macaon
38%
1992 Maastrichtin sopimus muutti Euroopan _____ Euroopan unioniksi yhteisön
29%
1991 Yhdistyneen Saksan ensimmäiseksi liittokansleriksi valittiin _____ Helmut Kohl
26%
1996 Aki Maita kehitti ensimmäisen _____-virtuaalilemmikin Tamagotchi
26%
1990 Pohjois-_____ ja Etelä-_____ yhdistyivät Jemen
22%
Ehtoja vastaavia visoja ei löytynyt
Tulosjakauma
Jokaisen tuloksen saaneiden osuus
Persentiili vastausten määrän mukaan
Tuloshistoriasi
Et ole pelannut tätä visaa